000 01704cam a22003974i 4500
003 PE-LiUPU
005 20250731183417.0
008 150616s r 000 0 d
020 _a0311324320
035 _a(Sirsi) i9780311324323
040 _aPE-LiUPU
_bspa
_cPE-LiUPU
_erda
049 _aPRUA
082 0 4 _a783.952
_bM12
_221
100 1 _aMcConnell M., Cecilio,
_eautor.
245 1 1 _a¡Conozcamos nuestro himnario!.
264 1 _aSantiago de Chile :
_bCasa Bautista de Publicaciones,
_c1980.
300 _a110 páginas ;
_c21 centímetros
336 _atext
_2rdacontent
337 _aunmediated
_2rdamedia
338 _avolume
_2rdacarrier
504 _aIncluye bibliografía.
505 0 _a¿Por qué preocuparnos del himnario? -- ¿Cómo se ha producido el himnario? -- ¿Cuáles son las fuentes de los himnarios? -- ¿Quiénes escribieron nuestros himnarios? -- ¿Quiénes compusieron la música de nuestros himnarios? -- ¿qué clse de himnos usamos? -- ¿Qué contienen los himnos? -- ¿Cómo cantar los himnos? -- ¿Cómo utilizar mejor el himnario?.
526 _aP158
526 _aP146
526 _aP17
526 _aP12
526 _aP06
650 0 4 _aMUSICA SACRA - EVANGELICA.
910 _ajck
_bjvq
_cjck
942 _2ddc
_cBOOK
949 _a783.952 M12
_wDEWEY
_c1
_i27850
_lCCODEBUL1
_mBUL
_r0
_sY
_tBOOK
_u2015-4-23
_xEDUCACION
_zUNKNOWN
_0COMPRA
_o.STAFF. Colección General
994 _aC0
_bPEPRU
596 _a1
999 _a783.952 M12
_wDEWEY
_c37962
_i27850
_f2021-11-9
_g5
_lCCODEBUL1
_mBUL
_r0
_sY
_tBOOK
_u2015-4-23
_xEDUCACION
_zUNKNOWN
_0COMPRA
_o.STAFF. Colección General
_d37962
980 _81
_gALBERTO SANCHEZ Responsable de Automatización